[Event "ROM-chT"]
[Site "Sovata"]
[Date "1999.04.17"]
[Round "2"]
[White "Ceteras, Marius"]
[Black "Onischuk, Alexander"]
[Result "1/2-1/2"]
[WhiteElo "2353"]
[BlackElo "2646"]

1.d4 f5 2.g3 Nf6 3.Bg2 g6 4.c3 Bg7 5.Qb3 Nc6 6.f4 e6 7.Nd2 O-O 8.Nh3 b6 9.Nf2 Bb7
10.e4 Na5 11.Qc2 c5 12.dxc5 bxc5 13.O-O d5 14.exd5 exd5 15.Nd3 Rc8 16.Ne5 Nd7
17.Ndf3 Nxe5 18.Nxe5 Re8 19.Bd2 Nc6 20.Qb3 Na5 21.Qc2 Re7 22.Rfe1 Nc6 23.Nxc6 Bxc6
24.Rxe7 Qxe7 25.Re1 Qd7 26.Qd3 c4 27.Qe2 Rb8 28.Be3 Re8 29.Qd2 Qb7 30.Bf2 Rxe1+
31.Qxe1 Kf7 32.Qd2 a5 33.Bd4 Bf8 34.Qe2 Bd6 35.Kf2 a4 36.a3 Qe7 37.Qxe7+ Kxe7  1/2-1/2

[Event "ROM-chT"]
[Site "Sovata"]
[Date "1999.04.18"]
[Round "3"]
[White "Onischuk, Alexander"]
[Black "Badea, Bela"]
[Result "1/2-1/2"]
[WhiteElo "2646"]
[BlackElo "2479"]

1.e4 g6 2.d4 d6 3.Nc3 Bg7 4.Be3 a6 5.f4 b5 6.Be2 Bb7 7.Bf3 Nd7 8.e5 Qc8 9.Bxb7 Qxb7
10.Qf3 Qxf3 11.Nxf3 Nb6 12.O-O-O b4 13.Ne4 Nd5 14.Bd2 Bh6 15.g3 f5 16.Nf2 Kd7
17.Rde1 a5 18.h4 e6 19.Re2 Nge7 20.h5 Rag8 21.hxg6 Rxg6 22.Rh3 Bf8 23.Nd1 h6
24.Be1 Nc8 25.c4 bxc3 26.Nxc3 Nxc3 27.Bxc3 Rhg8 28.d5 exd5 29.Nh4 Re6 30.Nxf5 c5
31.Bxa5 dxe5 32.Rxe5 Rxe5 33.fxe5 Rg5 34.Nxh6 Rxe5 35.Ng4 Rg5 36.Nf6+ Ke6
37.Nh7 Rf5 38.Nxf8+ Rxf8 39.Rh6+ Kd7 40.Be1 Nd6 41.Rh1 Rg8 42.a4 Ra8 43.b3 c4
44.Kc2 d4 45.Bb4 Rb8 46.Bxd6 cxb3+ 47.Kb2 Kxd6 48.a5 Kc5 49.a6 Kb6 50.Rd1 Rg8  1/2-1/2

[Event "ROM-chT"]
[Site "Sovata"]
[Date "1999.04.20"]
[Round "5"]
[White "Onischuk, Alexander"]
[Black "Bologan, Viktor"]
[Result "1/2-1/2"]
[WhiteElo "2646"]
[BlackElo "2608"]

1.e4 c5 2.Nf3 d6 3.d4 cxd4 4.Nxd4 Nf6 5.Nc3 a6 6.Be2 e5 7.Nb3 Be7 8.O-O O-O
9.Kh1 Qc7 10.a4 Be6 11.Be3 Nbd7 12.a5 Qc6 13.Bf3 Rac8  1/2-1/2

[Event "GM Event"]
[Site "Biel"]
[Date "1999.07.20"]
[Round "2"]
[White "Onischuk, Alexander"]
[Black "Piket, Jeroen"]
[Result "1/2-1/2"]
[WhiteElo "2657"]
[BlackElo "2635"]

1.e4 e5 2.Nf3 Nf6 3.Nxe5 d6 4.Nf3 Nxe4 5.d4 d5 6.Bd3 Bd6 7.O-O O-O 8.c4 c6
9.cxd5 cxd5 10.Nc3 Nxc3 11.bxc3 Bg4 12.Rb1 Nd7 13.h3 Bh5 14.Re1 Nb6 15.a4 Rc8
16.Bd2 Bg6 17.Bxg6 hxg6 18.Ne5 Bxe5 19.dxe5 Qd7 20.Rb4 Rfe8 21.Be3 Rxe5 22.Bxb6 Rxe1+
23.Qxe1 axb6 24.Rxb6 Qxa4 25.Rxb7 Qc2 26.Rd7 Qxc3 27.Qxc3  1/2-1/2

[Event "GM Event"]
[Site "Biel"]
[Date "1999.07.23"]
[Round "5"]
[White "Bologan, Viktor"]
[Black "Onischuk, Alexander"]
[Result "1/2-1/2"]
[WhiteElo "2620"]
[BlackElo "2657"]

1.e4 e5 2.Nf3 Nf6 3.d4 Nxe4 4.Bd3 d5 5.Nxe5 Bd6 6.O-O Nd7 7.Nxd7 Bxd7 8.c4 c6
9.cxd5 cxd5 10.Qh5 O-O 11.Qxd5 Bc6 12.Qh5 g6 13.Qh3 Ng5 14.Qg4 Ne6 15.Bh6 Re8
16.Nc3 Bf4 17.Bxf4 Qxd4 18.Be4 Nxf4 19.Qxf4 Bxe4 20.Rfe1 Bb1 21.Qc1 Bf5 22.Qd1 Qxd1
23.Rexd1 Rad8 24.f3 Kg7  1/2-1/2

[Event "GM Event"]
[Site "Biel"]
[Date "1999.07.25"]
[Round "7"]
[White "Piket, Jeroen"]
[Black "Onischuk, Alexander"]
[Result "0-1"]
[WhiteElo "2635"]
[BlackElo "2657"]

1.d4 Nf6 2.Nf3 e6 3.g3 b5 4.Bg2 Bb7 5.Bg5 d5 6.c3 Nbd7 7.a4 b4 8.a5 Rb8 9.a6 Ba8
10.Qa4 Be7 11.Ne5 O-O 12.Bxf6 Nxf6 13.Nd3 bxc3 14.Nxc3 Ne4 15.e3 Rb6 16.Qc2 Nxc3
17.bxc3 Qc8 18.O-O Rxa6 19.c4 dxc4 20.Qxc4 Rxa1 21.Rxa1 Bxg2 22.Kxg2 Qb7+
23.Kg1 Bd6 24.Qa6 Qxa6 25.Rxa6 Ra8 26.Nb2 Kf8 27.Nc4 Ke7 28.Kf1 Kd7 29.Ke2 Kc8
30.Nxd6+ cxd6 31.e4 Kb7 32.Rxd6 a5 33.Kd3 a4 34.Kc2 Kc7 35.e5 a3 36.Kb1 Rb8+
37.Ka2 Rb2+ 38.Kxa3 Rxf2 39.h4 Rf3+ 40.Kb4 Rxg3 41.Ra6 Kb7 42.Rd6 Rf3 43.Kc4 Kc7
44.Ra6 Rf1 45.Ra7+ Kb6 46.Rd7 Kc6 47.Ra7 h5 48.Re7 Rf4 49.Ra7 Rxh4 50.Rxf7 Rg4
51.Ra7 Rg6 52.Ra6+ Kb7 53.Kb5 h4 54.Rb6+ Kc8 55.Kc6 h3 56.Ra6 Kb8 57.Ra1 h2
58.Rh1 Rh6 59.Kd7 g5 60.d5 Rh7+ 61.Kxe6 g4 62.Kf5 g3 63.d6 Kc8 64.e6 g2 65.Rc1+ Kb7
66.Rb1+ Kc6 67.e7 Rh8  0-1

[Event "GM Event"]
[Site "Biel"]
[Date "1999.07.27"]
[Round "9"]
[White "Onischuk, Alexander"]
[Black "Bologan, Viktor"]
[Result "1/2-1/2"]
[WhiteElo "2657"]
[BlackElo "2620"]

1.e4 c5 2.Nf3 d6 3.d4 cxd4 4.Nxd4 Nf6 5.Nc3 Nc6 6.Bc4 Qb6 7.Ndb5 a6 8.Be3 Qa5
9.Nd4 e6 10.O-O Qc7 11.Bb3 Be7 12.f4 O-O 13.Qf3 Nxd4 14.Bxd4 b5 15.e5 dxe5
16.fxe5 Nd7 17.Bxe6 fxe6 18.Qxa8 Bb7 19.Rxf8+ Nxf8 20.Qe8 Bc5 21.Ne2 Bxd4+
22.Nxd4 Qxe5 23.Nf3 Qe3+ 24.Kh1 Bxf3 25.gxf3 Qxf3+ 26.Kg1 Qg4+ 27.Kh1 Qe4+
28.Kg1  1/2-1/2

[Event "GM Event"]
[Site "Biel"]
[Date "1999.07.28"]
[Round "10"]
[White "Pelletier, Yannick"]
[Black "Onischuk, Alexander"]
[Result "0-1"]
[WhiteElo "2479"]
[BlackElo "2657"]

1.d4 Nf6 2.c4 e6 3.Nf3 b6 4.a3 Bb7 5.Nc3 g6 6.Bg5 Bg7 7.e4 h6 8.Bxf6 Qxf6
9.Bd3 d6 10.O-O Nd7 11.Re1 O-O 12.Qe2 Qe7 13.Rac1 c5 14.d5 Kh8 15.Qd2 g5
16.g3 Rg8 17.Rcd1 Raf8 18.Bf1 Ne5 19.Nxe5 Bxe5 20.Bg2 Qf6 21.Re2 h5 22.Qd3 h4
23.Kf1 a6 24.Ke1 Rb8 25.a4 Bc8 26.Kd2 Bd7 27.Kc2 b5 28.axb5 axb5 29.cxb5 Bxc3
30.Qxc3 e5 31.Kb1 Rxb5 32.gxh4 gxh4 33.Bh3 Bxh3 34.Qxh3 Rbb8 35.Rf1 Qf4 36.Qe3 Rg4
37.h3 Rg5 38.Qa3 Rb4 39.Rfe1 Kg7 40.Qe3 Qxe3 41.Rxe3 f5 42.R3e2 Rd4 43.Kc1 Kf6
44.f4 exf4 45.e5+ dxe5 46.Rxe5 Rg2 47.Re8 f3 48.Rf8+ Kg5 49.Re5 Rf4  0-1

[Event "MK Cafe Cup-A"]
[Site "Koszalin"]
[Date "1999.08.06"]
[Round "4"]
[White "Onischuk, Alexander"]
[Black "Marin, Mihail"]
[Result "1-0"]
[WhiteElo "2657"]
[BlackElo "2548"]

1.d4 Nf6 2.c4 e6 3.Nc3 Bb4 4.Qc2 c5 5.dxc5 O-O 6.a3 Bxc5 7.Nf3 b6 8.Bg5 Bb7
9.e3 Be7 10.Rd1 Bxf3 11.gxf3 Nc6 12.Be2 Rc8 13.f4 Ne8 14.Rg1 f6 15.Bh4 f5
16.Bxe7 Qxe7 17.Qa4 Nf6 18.Kf1 d6 19.b4 e5 20.Nd5 Qf7 21.Bf3 Ne4 22.Rg2 exf4
23.exf4 Ne7 24.Qxa7 Nxd5 25.Qxf7+ Rxf7 26.Rxd5 Rxc4 27.Bxe4 fxe4 28.f5 Rf6
29.Rb5 g6 30.Ke2 Kf7 31.fxg6+ hxg6 32.Rxb6 Ke6 33.a4 Ke5 34.a5 Rc2+ 35.Kd1 Rc3
36.a6 Ra3 37.Rg5+ Kd4 38.Ra5 Rd3+ 39.Kc1 Rxf2 40.Rxd6+ Kc3 41.Ra3+ Kxb4 42.Rdxd3 exd3
43.a7 Rc2+ 44.Kd1 Kxa3 45.a8=Q+ Kb3 46.Qg8+ Kc3 47.Qg7+ Kc4 48.Qxg6  1-0

[Event "MK Cafe Cup-A"]
[Site "Koszalin"]
[Date "1999.08.07"]
[Round "5"]
[White "Onischuk, Alexander"]
[Black "Sulskis, Sarunas"]
[Result "1-0"]
[WhiteElo "2657"]
[BlackElo "2521"]

1.e4 e5 2.Nf3 Nf6 3.Nxe5 d6 4.Nf3 Nxe4 5.d4 d5 6.Bd3 Be7 7.O-O O-O 8.c4 c6
9.Re1 Be6 10.Qc2 f5 11.Nc3 Nd7 12.cxd5 cxd5 13.Qb3 Kh8 14.Nxe4 fxe4 15.Bxe4 dxe4
16.Qxe6 exf3 17.Qxe7 Nb6 18.Qxd8 Raxd8 19.gxf3 Rxd4 20.Be3 Rd7 21.Rad1 Rdf7
22.Bc5 Ra8 23.Rd3 h6 24.Rde3 Na4 25.Ba3 Rd8 26.b3 Nb6 27.Bc5 Rd5 28.Re5 Rxe5
29.Rxe5 Rc7 30.Bxb6 axb6 31.Rb5 Rc6 32.f4 Kg8 33.Kg2 Kf7 34.Kf3 Kf6 35.Ke4 Re6+
36.Kd4 g6 37.a4 h5 38.h4 Re2 39.Rxb6+ Kf5 40.Rxb7 Rxf2 41.Ke3 Rh2 42.Rb5+ Kg4
43.Rg5+ Kxh4 44.Kd4 Rf2 45.Rxg6 Rxf4+ 46.Kc5 Rg4  1-0

[Event "MK Cafe Cup-A"]
[Site "Koszalin"]
[Date "1999.08.10"]
[Round "7"]
[White "Onischuk, Alexander"]
[Black "Ibragimov, Ildar"]
[Result "0-1"]
[WhiteElo "2657"]
[BlackElo "2554"]

1.e4 e5 2.Nf3 Nc6 3.Bc4 Bc5 4.d3 Nf6 5.c3 d6 6.Qe2 a6 7.Bb3 Ba7 8.h3 Be6
9.Bc2 h6 10.Nbd2 d5 11.g4 Qd7 12.Nf1 O-O-O 13.Ng3 g6 14.Bd2 Ng8 15.O-O-O Nge7
16.Kb1 Kb8 17.Rhe1 d4 18.c4 b5 19.Bb3 bxc4 20.dxc4 f6 21.Qd3 Ka8 22.Ba4 Rb8
23.Rc1 Qc8 24.c5 Nb4 25.Bxb4 Rxb4 26.b3 Qb7 27.Ka1 Rb8 28.Re2 Nc6 29.Ne1 Na5
30.Qc2 Nxb3+ 31.axb3 Bxb3 32.Bxb3 Rxb3 33.Qa2 Bxc5 34.Nc2 d3  0-1

[Event "MK Cafe Cup-A"]
[Site "Koszalin"]
[Date "1999.08.11"]
[Round "8"]
[White "Jaracz, Pawel"]
[Black "Onischuk, Alexander"]
[Result "0-1"]
[WhiteElo "2477"]
[BlackElo "2657"]

1.e4 e5 2.Nf3 Nc6 3.Bb5 a6 4.Ba4 Nf6 5.O-O Be7 6.Re1 b5 7.Bb3 d6 8.c3 O-O
9.h3 Nd7 10.d4 Bf6 11.a4 Bb7 12.d5 Na5 13.Bc2 Nb6 14.b4 Nac4 15.a5 Nd7 16.Bb3 Be7
17.Bxc4 bxc4 18.Nfd2 f5 19.Na3 Nf6 20.f3 Nh5 21.Nf1 fxe4 22.fxe4 Bh4 23.Re2 Qf6
24.Be3 Qg6 25.Qc2 Nf4 26.Bxf4 exf4 27.Nxc4 f3 28.Re3 Bxd5  0-1

[Event "Bundesliga 9900"]
[Site "Germany"]
[Date "1999.11.06"]
[Round "3"]
[White "Nielsen, Peter Heine"]
[Black "Onischuk, Alexander"]
[Result "0-1"]
[WhiteElo "2560"]
[BlackElo "2657"]

1.d4 Nf6 2.c4 e6 3.Nf3 d5 4.Nc3 Be7 5.Bg5 O-O 6.e3 Nbd7 7.cxd5 exd5 8.Bd3 Re8
9.O-O c6 10.Qc2 Nf8 11.h3 g6 12.Bh6 Ne6 13.Ne5 Ng7 14.Bxg7 Kxg7 15.f4 c5
16.Qf2 Bd6 17.Rad1 a6 18.Kh1 b5 19.e4 c4 20.Bc2 Bb7 21.f5 Bxe5 22.dxe5 Rxe5
23.fxg6 hxg6 24.exd5 Qe7 25.Rd4 Nxd5 26.Be4 Nxc3 27.Bxb7 Ra7 28.Rd7 Qxd7
29.Qf6+ Kg8 30.Qxe5 Rxb7 31.bxc3 Qe7 32.Re1 Qxe5 33.Rxe5 Kf8 34.Rc5 Ke7 35.Rc6 a5
36.Kg1 Kd7 37.Rf6 b4 38.Rxf7+ Kc6 39.Rf4 Kb5 40.cxb4 axb4 41.Rf2 b3  0-1

[Event "Eu Team Ch"]
[Site "Batumi GEO"]
[Date "1999.12.02"]
[Round "4"]
[White "Onischuk,Al"]
[Black "Filippov,V"]
[Result "1/2-1/2"]
[WhiteElo "2657"]
[BlackElo "2605"]

1.e4 c5 2.Nf3 Nc6 3.d4 cxd4 4.Nxd4 Nf6 5.Nc3 e6 6.Ndb5 d6 7.Bf4 e5 8.Bg5 a6
9.Na3 b5 10.Nd5 Be7 11.Bxf6 Bxf6 12.c3 O-O 13.Nc2 Bg5 14.a4 bxa4 15.Rxa4 a5
16.Bc4 Rb8 17.b3 Kh8 18.h4 Bh6 19.Nce3 Bxe3 20.Nxe3 Ne7 21.O-O f5 22.exf5 Nxf5
23.Nxf5 Bxf5 24.Qd5 Bg6 25.g3 Be8 26.Raa1 Bf7 27.Qxa5 d5 28.Bb5 Qf6 29.c4 d4
30.Qd2 Bh5 31.Qg5 Qxg5 32.hxg5 Bf3 33.Rfe1 Rf5 34.Bd7 Rxg5 35.Bh3 Rxb3 36.Bg2 h5
37.Ra5 h4 38.Raxe5 Rxe5  1/2-1/2

[Event "Eu Team Ch"]
[Site "Batumi GEO"]
[Date "1999.12.04"]
[Round "5"]
[White "Illescas Cordoba,M"]
[Black "Onischuk,Al"]
[Result "1/2-1/2"]
[WhiteElo "2600"]
[BlackElo "2657"]

1.Nf3 d5 2.c4 e6 3.d4 Nf6 4.Nc3 Be7 5.Bg5 O-O 6.e3 Nbd7 7.Rc1 c6 8.Bd3 a6
9.O-O dxc4 10.Bxc4 b5 11.Bd3 c5 12.a4 bxa4 13.Nxa4 cxd4 14.Nxd4 Bb7 15.Bh4 Qa5
16.Nc3 Rfc8 17.Ra1 Qb6 18.Qb3 Qxb3 19.Nxb3 Ne5 20.Be2 Nc4 21.Bxc4 Rxc4 22.Bxf6 Bxf6
23.Na5 Rb4 24.Nxb7 Rxb7 25.Ra2 Kf8 26.g3 a5 27.Rd1 Rb3 28.Na4 g5 29.Rd2 Rc8
30.Nc3 Bxc3 31.bxc3 Ra8 32.c4 a4 33.Rac2 Ke8 34.c5 Rxe3 35.fxe3 Rd8 36.c6 Rxd2
37.Rxd2 a3 38.Rd4  1/2-1/2

[Event "Eu Team Ch"]
[Site "Batumi GEO"]
[Date "1999.12.05"]
[Round "6"]
[White "Onischuk,Al"]
[Black "Smirin,I"]
[Result "1/2-1/2"]
[WhiteElo "2657"]
[BlackElo "2671"]

1.e4 c5 2.Nf3 e6 3.d4 cxd4 4.Nxd4 a6 5.c4 Nf6 6.Nc3 Bb4 7.Bd3 Nc6 8.Ne2 d5
9.cxd5 exd5 10.exd5 Nxd5 11.O-O Nxc3 12.bxc3 Bd6 13.Ng3 O-O 14.Ne4 Be7 15.Bf4 Bf5
16.Qf3  1/2-1/2

[Event "Eu Team Ch"]
[Site "Batumi GEO"]
[Date "1999.12.07"]
[Round "9"]
[White "Mikhalchishin,A"]
[Black "Onischuk,Al"]
[Result "1/2-1/2"]
[WhiteElo "2552"]
[BlackElo "2657"]

1.e4 e5 2.Nf3 Nc6 3.d4 exd4 4.Nxd4 Nf6 5.Nxc6 bxc6 6.e5 Qe7 7.Qe2 Nd5 8.c4 Nb6
9.Nc3 Qe6 10.Qe4 Ba6 11.b3 Bb4 12.Bd2 Bxc3 13.Bxc3 d5 14.Qh4 dxc4 15.Be2 O-O
16.O-O Nd5 17.Bxc4 Bxc4 18.Qxc4 a5 19.Rac1 Rfb8 20.Rfd1 h6 21.h3 Rb5 22.Bd4 Nb4
23.a3 Nd5 24.a4 Rb4 25.Qxc6 Qxc6 26.Rxc6 Rxb3 27.e6 fxe6 28.Rxe6 Rd8 29.Be5 Rb6
30.Bxc7 Rxe6 31.Bxd8 Nc3 32.Ra1 Re4 33.Bxa5 Nxa4 34.f3 Rc4 35.Rd1 Nc5 36.Bc7 Nd3
37.Bd6 Rc3 38.Kf1 Nb2 39.Re1 Nc4 40.Bb4 Rb3 41.Bc5 Rb7 42.Kf2 Rc7 43.Bd4 Rd7
44.Bc3 Nb6 45.g4 Nd5 46.Bd2 h5 47.Kg3 hxg4 48.hxg4 Kf7 49.Ra1 Nc7 50.Be3 Nd5
51.Bd4 Nc7 52.Be5 Ne6 53.f4 g6 54.Ra8 Rd3+ 55.Kf2 Nc5  1/2-1/2

[Event "Bundesliga 1999-2000"]
[Site "Tegernsee GER"]
[Date "1999.12.12"]
[Round "6"]
[White "Khenkin,I"]
[Black "Onischuk,Al"]
[Result "1/2-1/2"]
[WhiteElo "2633"]
[BlackElo "2657"]

1.d4 f5 2.g3 Nf6 3.Bg2 d6 4.Nf3 g6 5.O-O Bg7 6.b4 Nc6 7.c3 O-O 8.Qb3+ Kh8
9.Nbd2 Qe8 10.b5 Na5 11.Qb4 b6 12.Ng5 Rb8 13.Nb3 c5 14.dxc5 Nxb3 15.Qxb3 bxc5
16.Bc6 Bd7 17.Bxd7 Qxd7 18.a4  1/2-1/2

[Event "Biel blitz f"]
[Site "Biel"]
[Date "1999.??.??"]
[Round "1"]
[White "Onischuk, Alexander"]
[Black "Piket, Jeroen"]
[Result "1/2-1/2"]
[WhiteElo "2657"]
[BlackElo "2625"]

1.e4 e5 2.Nf3 Nc6 3.Bb5 a6 4.Ba4 Nf6 5.O-O Be7 6.Re1 b5 7.Bb3 d6 8.c3 O-O
9.h3 Na5 10.Bc2 c5 11.d4 Qc7 12.Nbd2 Bd7 13.dxc5 dxc5 14.Qe2 c4 15.Nf1 Rad8
16.Ne3 Be6 17.Nf5 Bxf5 18.exf5 Rfe8 19.Bg5 h6 20.Bxf6 Bxf6 21.Nd2 Nb7 22.Ne4 Nc5
23.Nxc5 Qxc5 24.Rad1 a5 25.Rxd8 Rxd8 26.Rd1 Rxd1+ 27.Qxd1 b4 28.Be4 bxc3
29.bxc3 Be7 30.g3 Bd6 31.Qa4 Kf8 32.Qd7 Qc7 33.Qb5 Bc5 34.Bd5 e4 35.Kg2 e3
36.fxe3 Bxe3 37.Bxc4 Bd2 38.Qb3 Be1 39.Kf3 Qxg3+ 40.Ke4 Bxc3 41.Qb5 Qh4+
42.Kd5 Qd4+ 43.Kc6 Bb4 44.Qb8+ Ke7 45.Qc7+ Kf6 46.Qxf7+ Kg5 47.Qg6+ Kh4 48.Qe6 Qf6  1/2-1/2

[Event "Biel blitz f"]
[Site "Biel"]
[Date "1999.??.??"]
[Round "2"]
[White "Piket, Jeroen"]
[Black "Onischuk, Alexander"]
[Result "1-0"]
[WhiteElo "2625"]
[BlackElo "2657"]

1.d4 f5 2.c4 Nf6 3.Nc3 g6 4.h4 Bg7 5.h5 Nxh5 6.e4 Nf6 7.e5 Ne4 8.Nxe4 fxe4
9.Bh6 Bxh6 10.Rxh6 c5 11.d5 Qc7 12.f4 b5 13.Ne2 d6 14.e6 Na6 15.Nc3 bxc4
16.Qg4 Bb7 17.Qxg6+ Kd8 18.Rxh7  1-0

[Event "FRA-chT 9899"]
[Site "FRA"]
[Date "1999.??.??"]
[Round "1"]
[White "Lautier, Joel"]
[Black "Onischuk, Alexander"]
[Result "1/2-1/2"]
[WhiteElo "2596"]
[BlackElo "2646"]

1.d4 Nf6 2.c4 e6 3.Nf3 b6 4.a3 Ba6 5.Qc2 c5 6.d5 exd5 7.cxd5 g6 8.Nc3 Bg7
9.g3 O-O 10.Bg2 d6 11.O-O Nbd7 12.h3 Re8 13.Re1 b5 14.Bf4 Nh5 15.Bd2 c4 16.g4 Nhf6
17.Nd4 Qb6 18.Nc6 Nc5 19.Bf4 Bf8 20.Rad1 Nfd7 21.g5 Bb7 22.h4 a5 23.h5 b4
24.hxg6 hxg6 25.Ne4 b3 26.Qb1 Nxe4 27.Bxe4 Rac8 28.Be3 Qc7 29.Na7 Nc5 30.Bxc5 Qxc5
31.Nxc8 Qxc8 32.Bg2 Qg4 33.e4 Re5 34.Re3 Qxg5 35.Rg3 Qf6 36.Qc1 Ba6 37.Qc3 Qd8
38.f4 Rh5 39.Bf3 Rh4 40.e5 Bh6 41.e6 Bxf4 42.Bg4 fxe6 43.Bxe6+ Kh7 44.Rf1 Qe7  1/2-1/2

[Event "FRA-chT 9899"]
[Site "FRA"]
[Date "1999.??.??"]
[Round "2"]
[White "Onischuk, Alexander"]
[Black "Spiridonov, Nikola"]
[Result "1-0"]
[WhiteElo "2646"]
[BlackElo "2398"]

1.e4 c6 2.c4 d5 3.exd5 cxd5 4.cxd5 Nf6 5.Nc3 Nxd5 6.Nf3 Nxc3 7.bxc3 g6 8.d4 Bg7
9.Bd3 O-O 10.O-O Nc6 11.Re1 Bg4 12.h3 Bxf3 13.Qxf3 Qa5 14.Bb2 Rac8 15.a4 Rfd8
16.Bb5 e6 17.Ba3 a6 18.Bf1 Rd7 19.Reb1 Bf8 20.Bc1 Bg7 21.Ra3 Nd8 22.h4 Bf8
23.Rab3 Qxa4 24.h5 Qc6 25.Qg4 b5 26.hxg6 hxg6 27.Bg5 Qd5 28.Bd3 f5 29.Qg3 Bd6
30.f4 Be7 31.Bxe7 Rxe7 32.Qxg6+ Kf8 33.Qf6+ Rf7 34.Qh8+ Ke7 35.Qh4+ Kd7 36.Qf2 Nc6
37.Be2 Qd6 38.Ra1 Nb8 39.c4 bxc4 40.Rb7+ Ke8 41.Bh5 Nd7 42.d5 exd5 43.Qa7 Kf8
44.Rd1 Qc5+ 45.Qxc5+ Nxc5 46.Rxf7+ Kg8 47.Rc1 Nd3 48.Rc3 Nxf4 49.Rg3+ Kh8
50.Bf3  1-0

[Event "FRA-chT 9899"]
[Site "FRA"]
[Date "1999.??.??"]
[Round "3"]
[White "Hodgson, Julian M"]
[Black "Onischuk, Alexander"]
[Result "1/2-1/2"]
[WhiteElo "2565"]
[BlackElo "2646"]

1.d4 f5 2.Bg5 g6 3.Nd2 Bg7 4.e4 fxe4 5.Nxe4 d5 6.Nc5 b6 7.Nb3 Nf6 8.Nf3 O-O
9.Be2 Ne4 10.Be3 Nc6 11.O-O Qd6 12.c4 Ba6 13.Rc1 Bxc4 14.Bxc4 dxc4 15.Rxc4 b5
16.Rc1 Nb4 17.Nc5 Nxc5 18.Rxc5 c6 19.a3 Na6 20.Rc3 Rae8 21.Qc2 Nb8 22.Ne5 Qd5
23.Rc5 Qa2 24.Nxc6 Nxc6 25.Rxc6 a5 26.Rc5 Rb8 27.h4 b4 28.Rxa5 bxa3 29.Rxa3 Qxb2
30.Qc4+ Kh8 31.Ra7 Rb7 32.Rxb7 Qxb7 33.Qe6 Bf6 34.Rc1 Rd8 35.g3 Qd5 36.Qxd5 Rxd5
37.Rc4 Kg7 38.Kg2 Rd7 39.g4 Bxh4 40.g5 h6 41.gxh6+ Kh7 42.Kf3 Bf6 43.Ke4 Rd6
44.Rc7 Re6+ 45.Kd5 Ra6 46.Rc6 Ra4 47.Rxf6 exf6 48.Ke6 Ra6+ 49.Ke7 g5 50.d5 Kxh6
51.d6 f5 52.d7 Ra8 53.Ke6 Kh5  1/2-1/2

[Event "Bundesliga 1999-2000"]
[Site "Magdeburg GER"]
[Date "2000.01.08"]
[Round "7"]
[White "Movsesian,S"]
[Black "Onischuk,Al"]
[Result "1-0"]
[WhiteElo "2668"]
[BlackElo "2637"]

1.e4 e5 2.Nf3 Nc6 3.Bb5 a6 4.Ba4 Nf6 5.O-O Be7 6.Re1 b5 7.Bb3 O-O 8.d4 d6
9.c3 Bg4 10.d5 Na5 11.Bc2 Qc8 12.h3 Bd7 13.Nbd2 c6 14.dxc6 Qxc6 15.Nf1 Rfe8
16.Ng3 h6 17.Nh4 Bf8 18.Nhf5 Kh8 19.Qf3 Ng8 20.Ne3 Be6 21.Nd5 Nc4 22.Rd1 Qb7
23.Nf5 Nb6 24.Nfe3 Ne7 25.Nxb6 Qxb6 26.Nd5 Qb7 27.a4 Kg8 28.Qd3 Bxd5 29.exd5 g6
30.Qe4 Reb8 31.f4 Bg7 32.fxe5 Bxe5 33.Qf3 Kg7 34.Kh1 b4 35.Bf4 f6 36.Rf1 Rf8
37.Qe3 Rh8 38.Rf3 Nxd5 39.Qe4 f5 40.Bxe5+ dxe5 41.Qxe5+ Nf6 42.Rg3 Qd5 43.Qxf5 Qxf5
44.Bxf5 g5 45.cxb4 Rab8 46.Rb3 Rhd8 47.Rc1 Nd5 48.Rd1  1-0

[Event "Corus B"]
[Site "Wijk aan Zee NED"]
[Date "2000.01.19"]
[Round "2"]
[White "Onischuk,Al"]
[Black "Tiviakov,S"]
[Result "1/2-1/2"]
[WhiteElo "2637"]
[BlackElo "2567"]

1.d4 Nf6 2.c4 e6 3.Nc3 Bb4 4.Qc2 O-O 5.a3 Bxc3+ 6.Qxc3 b6 7.Bg5 Bb7 8.Nf3 d6
9.e3 Nbd7 10.Nd2 c5 11.f3 Rc8 12.Be2 Re8 13.dxc5 Rxc5 14.Bxf6 Nxf6 15.b4 Rc7
16.Qb2 d5 17.O-O dxc4 18.Bxc4 Nd5 19.Rfe1 Qf6 20.Qxf6 Nxf6 21.Bf1 Rec8 22.e4 Kf8
23.a4 Rc2 24.Nb3 Rb2 25.Reb1 Rxb1  1/2-1/2

[Event "Corus B"]
[Site "Wijk aan Zee NED"]
[Date "2000.01.22"]
[Round "4"]
[White "Onischuk,Al"]
[Black "Delemarre,J"]
[Result "1-0"]
[WhiteElo "2637"]
[BlackElo "2354"]

1.e4 c6 2.Nc3 d5 3.Nf3 Bg4 4.h3 Bh5 5.exd5 cxd5 6.g4 Bg6 7.Bb5+ Nc6 8.Ne5 Rc8
9.h4 d4 10.h5 Bxc2 11.Qxc2 dxc3 12.Rh3 a6 13.Bxc6+ bxc6 14.dxc3 e6 15.g5 Bd6
16.Nc4 Ne7 17.Bd2 Bc5 18.O-O-O Qd5 19.b3 Qg2 20.Rd3 Nf5 21.f3 Be7 22.Bf4 Qh3
23.Nb6 O-O 24.Nxc8 Rxc8 25.h6 Re8 26.Kb1 Qh5 27.hxg7 Bxg5 28.Bxg5 Qxg5 29.Qh2 Ne7
30.Qd6 Kxg7 31.Qd4+ Qf6 32.Rh1 Rh8 33.Qg4+ Ng6 34.Kc2 Qe5 35.Rh5 Qf6 36.Rd2 h6
37.Rdh2 e5 38.Qe4 Qf4 39.Qxf4 exf4 40.Rc5 Re8 41.Rxc6 Re3 42.Rxa6 Rxf3 43.a4 Rg3
44.a5 Ne5 45.Raxh6 Ng4 46.Rh7+ Kg6 47.a6 Nxh2 48.Rxh2 f3 49.a7 Rg2+ 50.Rxg2+ fxg2
51.a8=Q g1=Q 52.Qg8+  1-0

[Event "Corus B"]
[Site "Wijk aan Zee NED"]
[Date "2000.01.24"]
[Round "6"]
[White "Onischuk,Al"]
[Black "Van der Wiel,J"]
[Result "1-0"]
[WhiteElo "2637"]
[BlackElo "2558"]

1.d4 Nf6 2.c4 e6 3.Nc3 Bb4 4.Qc2 O-O 5.a3 Bxc3+ 6.Qxc3 d6 7.Bg5 Nbd7 8.Nf3 h6
9.Bh4 g5 10.Bg3 Ne4 11.Qc2 f5 12.e3 b6 13.Nd2 Nxg3 14.hxg3 Qf6 15.Be2 Bb7
16.Bf3 c6 17.O-O-O g4 18.Be2 c5 19.d5 exd5 20.cxd5 c4 21.Nb1 b5 22.Nc3 Ba6
23.Rh4 Nc5 24.Rdh1 Kg7 25.Kb1 Rab8 26.Bxg4 Nd3 27.Rxh6 Qxh6 28.Rxh6 Kxh6
29.Be2 Nxf2 30.Bxc4 Ng4 31.Bd3 Ne5 32.Ne2 Rbc8 33.Qd1 Ng4 34.Nf4  1-0

[Event "Corus B"]
[Site "Wijk aan Zee NED"]
[Date "2000.01.25"]
[Round "7"]
[White "Avrukh,B"]
[Black "Onischuk,Al"]
[Result "1/2-1/2"]
[WhiteElo "2620"]
[BlackElo "2637"]

1.d4 d5 2.c4 e6 3.Nc3 Be7 4.Nf3 Nf6 5.Bg5 O-O 6.e3 Nbd7 7.Rc1 c6 8.Bd3 a6
9.cxd5 cxd5 10.Bf4 Nh5 11.Be5 Nxe5 12.dxe5 g6 13.O-O Bd7 14.Nd4 f6 15.exf6 Bxf6
16.Be2 Ng7 17.e4 Qb6 18.Nb3 d4  1/2-1/2

[Event "Corus B"]
[Site "Wijk aan Zee NED"]
[Date "2000.01.28"]
[Round "9"]
[White "Danailov,S"]
[Black "Onischuk,Al"]
[Result "1/2-1/2"]
[WhiteElo "2462"]
[BlackElo "2637"]

1.e4 e5 2.Nf3 Nc6 3.Bb5 a6 4.Ba4 Nf6 5.O-O b5 6.Bb3 Bb7 7.d3 Be7 8.a4 O-O
9.Nc3 Na5 10.Ba2 b4 11.Ne2 d6 12.Bd2 c5 13.Ng3 Bc8 14.c3 bxc3 15.bxc3 Qc7
16.d4 c4 17.Rb1 Bd7 18.Qc2 Rfc8 19.h3 g6 20.Bh6 Be8 21.Nd2 Qd7 22.Rb4 Qc7
23.Rbb1 Qc6 24.Rb4 d5 25.dxe5 Nd7 26.Nf3 dxe4 27.Nxe4 Bxb4 28.cxb4 Nb3 29.Neg5 Nf8
30.e6 Nxe6 31.Qc3 Ra7 32.Qf6 Qd6 33.Re1 Qd8 34.Rxe6 Qxf6 35.Rxf6 Bxa4 36.Ne4 c3
37.Nd6 Rd8 38.Ne5 c2 39.Nexf7 c1=Q+ 40.Bxc1 Rxf7 41.Nxf7 Rd1+ 42.Kh2 Nxc1
43.Bc4 Bb5 44.Bxb5 axb5 45.Ng5 Rd5 46.Ne6 Rf5 47.Rxf5 gxf5 48.Nd4 Nd3 49.Kg3 Nxb4
50.Kf4 Nd3+ 51.Ke3 Nc5 52.Nxb5 Kf7 53.Kf3 Kf6 54.g4 Kg5 55.gxf5 Kxf5 56.Nd6+ Ke5
57.Nc4+ Kf5 58.Ne3+ Kg5 59.Ng2 Kf5 60.Ke3 Ne6 61.f4 Kf6 62.Kf3 Nd4+ 63.Ke4 Nf5
64.Kf3 Nd4+ 65.Kg4 Ne6 66.Ne3 Nc5 67.h4 Ne4 68.Nf1 Nd6 69.Ng3 h6 70.Kf3 Ke6
71.Ke3 Nc4+ 72.Ke4 Nd6+ 73.Kf3 Ne8 74.Ne2 Nf6 75.Nd4+ Kd5 76.Nf5 h5 77.Ne3+ Kd4
78.Nf1 Kd5 79.Ne3+ Kd4 80.Nc2+ Kd5 81.Nb4+ Kd4 82.Nc6+ Kd5 83.Ne7+ Ke6 84.Ng6 Nd7
85.Ke4 Nf6+ 86.Kf3 Nd7 87.Ke4 Nf6+  1/2-1/2

[Event "Corus B"]
[Site "Wijk aan Zee NED"]
[Date "2000.01.29"]
[Round "10"]
[White "Onischuk,Al"]
[Black "Hendriks,W"]
[Result "1-0"]
[WhiteElo "2637"]
[BlackElo "2373"]

1.d4 Nf6 2.Nf3 c5 3.d5 g6 4.Nc3 Bg7 5.e4 d6 6.h3 O-O 7.Bd3 e6 8.O-O exd5
9.Nxd5 Nxd5 10.exd5 Re8 11.Bg5 Bf6 12.Qd2 Bxg5 13.Nxg5 Nd7 14.Rfe1 Re5 15.Ne4 Nb6
16.Nc3 Bd7 17.Rxe5 dxe5 18.Re1 Qe7 19.f4 c4 20.Bf1 Qc5+ 21.Kh2 Qd4 22.Qxd4 exd4
23.Ne4 Bf5 24.g4 Bxe4 25.Rxe4 Rd8 26.Rxd4 Rxd5 27.Rxd5 Nxd5 28.Bxc4 Nxf4
29.Kg3 g5 30.h4 h6 31.h5 Kf8 32.Bd3 Ke7 33.Kf3 Ne6 34.Ke4 Ng7 35.Kd5 Ne8
36.Ke5 Nd6 37.c4 Ne8 38.b4 b6 39.c5 bxc5 40.bxc5 Nf6 41.Bf5 Ne8 42.Kd5 Ng7
43.Ke5 Ne8 44.Bd3 Nc7 45.Bc4 Ne8 46.a4 Ng7 47.Bd3 Ne6 48.Kd5 Nf4+ 49.Kd4 Ne6+
50.Kc4 Nc7 51.Bf5 Kf6 52.Kd4 Ke7 53.Ke5 Ne8 54.Kd5 Ng7 55.Bb1 Kd7 56.a5 Ne8
57.Be4 Nf6+ 58.Kd4 Ke7 59.Bf5 Ne8 60.Kd5 Ng7 61.Bb1 Kd7 62.Bc2 f6 63.Bg6 Ke7
64.Kc6 f5 65.gxf5 g4 66.Kb7 g3 67.c6 g2 68.c7 g1=Q 69.c8=Q Qd4 70.Qc6 Kd8
71.Qc7+  1-0

[Event "Corus B"]
[Site "Wijk aan Zee NED"]
[Date "2000.01.30"]
[Round "11"]
[White "Nijboer,F"]
[Black "Onischuk,Al"]
[Result "0-1"]
[WhiteElo "2540"]
[BlackElo "2637"]

1.e4 e5 2.Nf3 Nc6 3.Bb5 a6 4.Ba4 Nf6 5.O-O Bc5 6.c3 b5 7.Bb3 d6 8.a4 Bg4
9.d3 O-O 10.Nbd2 Na5 11.h3 Bh5 12.axb5 axb5 13.Ba2 b4 14.d4 bxc3 15.dxc5 cxd2
16.Bxd2 Nc6 17.cxd6 Qxd6 18.Be3 Nb4 19.Qxd6 cxd6 20.Bb3 Nxe4 21.Rxa8 Rxa8
22.Rd1 Kf8 23.g4 Bg6 24.Nh4 f6 25.Nxg6+ hxg6 26.h4 Rc8 27.Ra1 d5 28.Ra4 Rb8
29.Ba7 Rb5 30.Bxd5 Nxd5 31.Rxe4 Rxb2 32.Rc4 Kf7 33.Rc8 Rb4 34.f3 Ra4 35.Rd8 Ke6
36.Bf2 Ra1+ 37.Kg2 Nf4+ 38.Kh2 Rf1 39.Rd2 Kf7 40.Ra2 Nd3  0-1